[Event "I C.to Romano"]
[Site "Roma ITA"]
[Date "1996.10.??"]
[Round "5"]
[White "Pompa, Alessandro"]
[Black "Onisi, Stefano"]
[Result "1-0"]
[WhiteElo "2055"]
[BlackElo "1600"]
[PlyCount "45"]
[EventDate "1996.10.01"]

1. d4 d5 2. c4 c6 3. Nf3 Nf6 4. Nc3 e6 5. e3 Nbd7 6. Qc2 Be7 7. Bd3 dxc4 8.
Bxc4 c5 9. O-O Qc7 10. e4 cxd4 11. Nb5 Qc5 12. b4 Qc6 13. Nfxd4 Qb6 14. Bxe6
O-O 15. Bb3 Bxb4 16. Bb2 Nc5 17. e5 Nxb3 18. Qxb3 Nd7 19. e6 fxe6 20. Nxe6 Nc5
21. Nxc5+ Kh8 22. Qxb4 a6 23. Qd4 1-0

[Event "I C.to Romano"]
[Site "Roma ITA"]
[Date "1996.10.??"]
[Round "5"]
[White "Scacco, Mauro"]
[Black "Mariotti, Sergio"]
[Result "0-1"]
[WhiteElo "2045"]
[BlackElo "2435"]
[PlyCount "96"]
[EventDate "1996.10.01"]

1. e4 c5 2. Nf3 d6 3. d4 cxd4 4. Nxd4 Nf6 5. Nc3 a6 6. Bd3 e6 7. O-O b5 8. a3
Bb7 9. Qe2 Be7 10. Kh1 Nc6 11. Nxc6 Bxc6 12. Bg5 O-O 13. f4 Nd7 14. Bxe7 Qxe7
15. Qh5 Rfe8 16. Rae1 e5 17. Nd5 Bxd5 18. exd5 Nf6 19. Qh4 e4 20. c4 Qb7 21.
Bc2 bxc4 22. Ba4 Qxb2 23. Bxe8 Rxe8 24. Qh3 Qb5 25. Qc3 Qxd5 26. Re3 h6 27. h3
Rb8 28. Qc2 Qc5 29. Rc3 d5 30. Re1 e3 31. g4 d4 32. Rxc4 Qd5+ 33. Kh2 d3 34.
Rc8+ Kh7 35. Qc6 Rb2+ 36. Kg1 Rg2+ 37. Kh1 Re2+ 38. Qxd5 Nxd5 39. Rxe2 dxe2 40.
Rc1 Nxf4 41. Re1 Nxh3 42. Kg2 Nf2 43. Rxe2 Nxg4 44. Kf3 h5 45. Rb2 f5 46. Rb6
h4 47. Rxa6 h3 48. Rc6 Ne5+ 0-1

[Event "I C.to Romano"]
[Site "Roma ITA"]
[Date "1996.10.??"]
[Round "5"]
[White "Scolozzi, Umberto"]
[Black "De Felici, Roberto"]
[Result "1/2-1/2"]
[WhiteElo "1600"]
[BlackElo "1609"]
[PlyCount "65"]
[EventDate "1996.10.01"]

1. d4 e6 2. c4 Nf6 3. Nc3 Bb4 4. Bg5 h6 5. Bh4 c5 6. d5 d6 7. f3 Bxc3+ 8. bxc3
e5 9. e4 Nbd7 10. Bd3 Qa5 11. Ne2 O-O 12. O-O Qc7 13. Qd2 a6 14. Ng3 b5 15. Nf5
Kh7 16. Rab1 bxc4 17. Bxc4 Ng8 18. Rb2 Nb6 19. Bd3 c4 20. Bb1 g6 21. Ne3 Bd7
22. Bc2 Rfb8 23. Rfb1 a5 24. Qe2 Na4 25. Bxa4 Bxa4 26. Qxc4 Rxb2 27. Rxb2 Qd7
28. Qd3 Rc8 29. c4 Qc7 30. Qa3 Bd7 31. Qb3 f5 32. Qb6 f4 33. Qxc7 1/2-1/2

[Event "I C.to Romano"]
[Site "Roma ITA"]
[Date "1996.10.??"]
[Round "5"]
[White "Simeone, Giulio"]
[Black "Chiusano, Raimondo"]
[Result "0-1"]
[WhiteElo "1714"]
[BlackElo "2049"]
[PlyCount "66"]
[EventDate "1996.10.01"]

1. c4 Nf6 2. Nc3 c5 3. Nf3 d5 4. cxd5 Nxd5 5. d4 g6 6. dxc5 Nxc3 7. Qxd8+ Kxd8
8. bxc3 Bg7 9. Bb2 Kc7 10. O-O-O Na6 11. Ba3 Bxc3 12. e4 Be6 13. Kb1 Rad8 14.
Bb5 Nb4 15. Bxb4 Bxb4 16. Ng5 Bxc5 17. Nxe6+ fxe6 18. f3 Rd6 19. Bc4 Rhd8 20.
Kc2 Bd4 21. Bb3 b5 22. a4 Rc6+ 23. Kb1 bxa4 24. Bxa4 Rb8+ 25. Ka2 Rc4 26. Rc1
Bc3 27. Bb3 Rc5 28. Ka3 Kd6 29. Rhd1+ Ke5 30. Rc2 Ra5+ 31. Ba4 Bb4+ 32. Kb3
Bd6+ 33. Kc3 Rxa4 0-1

[Event "I C.to Romano"]
[Site "Roma ITA"]
[Date "1996.10.??"]
[Round "5"]
[White "Simeoni, Matteo"]
[Black "Papetti, Francesco"]
[Result "1/2-1/2"]
[WhiteElo "1797"]
[BlackElo "1816"]
[PlyCount "59"]
[EventDate "1996.10.01"]

1. e4 d6 2. d4 Nf6 3. Nc3 g6 4. Nf3 Bg7 5. Be2 O-O 6. O-O e5 7. dxe5 dxe5 8.
Qxd8 Rxd8 9. Nxe5 Nxe4 10. Nxf7 Nxc3 11. Bc4 Ne2+ 12. Kh1 Rd4 13. Nh6+ Kf8 14.
Bxe2 Rh4 15. g3 Rxh6 16. Rd1 Nc6 17. Bxh6 Bxh6 18. f4 Be6 19. c3 Rd8 20. Bf3
Rxd1+ 21. Rxd1 Ke7 22. Kg2 Bg7 23. Re1 Kd7 24. Kf2 Nd8 25. g4 b6 26. Kg3 Nf7
27. Be4 Nd6 28. Bc2 a5 29. a4 c6 30. h3 1/2-1/2

[Event "I C.to Romano"]
[Site "Roma ITA"]
[Date "1996.10.??"]
[Round "5"]
[White "Tosoni, Augusto"]
[Black "Michelena, Rodolfo"]
[Result "1-0"]
[WhiteElo "2056"]
[BlackElo "1822"]
[PlyCount "105"]
[EventDate "1996.10.01"]

1. e4 e5 2. Nf3 d6 3. d4 Bg4 4. dxe5 Nd7 5. exd6 Bxd6 6. h3 Bh5 7. Nc3 Qe7 8.
Bd3 Ngf6 9. Bg5 O-O-O 10. Qe2 Ne5 11. g4 Nxd3+ 12. cxd3 Bg6 13. O-O-O Bb4 14.
Rhe1 Bxc3 15. bxc3 Rd6 16. Nd2 Qe5 17. Bxf6 Rxf6 18. Nb1 Qf4+ 19. Rd2 Ra6 20.
Qe3 Qd6 21. Ree2 Re8 22. f4 f6 23. h4 Bf7 24. h5 Qd7 25. f5 Re5 26. d4 Rb5 27.
d5 Qd6 28. Rb2 Rba5 29. c4 Rc5 30. Rec2 Be8 31. Nd2 Rca5 32. Rb3 Ra3 33. Nf3
Rxa2 34. Rxa2 Rxa2 35. e5 Qa6 36. Nd2 fxe5 37. Qxe5 Ba4 38. Qxg7 b6 39. Rc3 Qa5
40. d6 cxd6 41. Ne4 Ra1+ 42. Kd2 Rd1+ 43. Ke2 Qb4 44. Qf8+ Kb7 45. Qg7+ Ka6 46.
Ke3 Bc6 47. Kf4 Bxe4 48. Kxe4 Qb1+ 49. Kf4 Rf1+ 50. Kg5 Qxf5+ 51. gxf5 Rg1+ 52.
Kf6 Rxg7 53. Kxg7 1-0

[Event "I C.to Romano"]
[Site "Roma ITA"]
[Date "1996.10.??"]
[Round "5"]
[White "Vanzan, Alessandro"]
[Black "Togni, Giampiero"]
[Result "0-1"]
[WhiteElo "1507"]
[BlackElo "1701"]
[PlyCount "80"]
[EventDate "1996.10.01"]

1. c4 g6 2. Nc3 Bg7 3. b3 Nf6 4. Rb1 O-O 5. Bb2 b6 6. e3 Bb7 7. d3 d6 8. Nf3
Nbd7 9. e4 e5 10. g3 Nc5 11. b4 Ne6 12. Bg2 Ng4 13. O-O Nh6 14. Bc1 f5 15. Bh3
Bc8 16. exf5 gxf5 17. b5 Kh8 18. Bg2 Bb7 19. Bd2 Rb8 20. Qc1 f4 21. Nd5 Ng4 22.
Bh3 h5 23. Nh4 Qg5 24. f3 Nxh2 25. Bxe6 Qxg3+ 26. Ng2 Nxf3+ 27. Rxf3 Qxf3 28.
Qd1 e4 29. Qxf3 exf3 30. Ngxf4 Bd4+ 31. Be3 Bxe3+ 32. Nxe3 Rxf4 33. Kf2 Re8 34.
Bh3 Rh4 35. Rh1 Rxe3 36. Kxe3 f2 37. Rf1 Rxh3+ 38. Kxf2 Rf3+ 39. Ke2 Rxf1 40.
Kxf1 Kg7 0-1

[Event "I C.to Romano"]
[Site "Roma ITA"]
[Date "1996.10.??"]
[Round "5"]
[White "Verrascina, Nicola"]
[Black "Quimi, Marco"]
[Result "0-1"]
[WhiteElo "2080"]
[BlackElo "2220"]
[PlyCount "92"]
[EventDate "1996.10.01"]

1. c4 e5 2. g3 f5 3. Bg2 Nf6 4. e3 g6 5. Ne2 Bg7 6. O-O O-O 7. d4 d6 8. Nbc3 c6
9. b3 e4 10. d5 c5 11. Bb2 Na6 12. h4 Qe7 13. Nf4 Bd7 14. Qd2 Rae8 15. Rad1 Qf7
16. Nb5 Bxb5 17. cxb5 Nc7 18. a4 b6 19. f3 exf3 20. Bxf3 Ne4 21. Bxe4 Rxe4 22.
Bxg7 Qxg7 23. Rf2 Rfe8 24. Re2 Qe5 25. Kf2 Kf7 26. Rc1 h6 27. Ree1 g5 28. hxg5
hxg5 29. Nd3 Qxd5 30. Rh1 Rxe3 31. Qxe3 Rxe3 32. Kxe3 Qe4+ 33. Kd2 Qg2+ 34. Kc3
Nd5+ 35. Kc4 Ne3+ 36. Kc3 d5 37. Ne5+ Ke6 38. Nc6 d4+ 39. Kd3 Qxg3 40. Rh6+ Kf7
41. Rh7+ Kf6 42. Rch1 Ng2+ 43. Kc2 Qc3+ 44. Kd1 Qxb3+ 45. Ke2 Nf4+ 46. Kd2 Qb2+
0-1

[Event "I C.to Romano"]
[Site "Roma ITA"]
[Date "1996.10.??"]
[Round "5"]
[White "Viscardi, Riccardo"]
[Black "Scagliarini, Bruno"]
[Result "1-0"]
[WhiteElo "1600"]
[BlackElo "1728"]
[PlyCount "97"]
[EventDate "1996.10.01"]

1. d4 Nf6 2. c4 e6 3. Nc3 d5 4. Bg5 Nbd7 5. e3 Be7 6. cxd5 exd5 7. Bd3 c6 8.
Nge2 O-O 9. O-O Re8 10. Qc2 h6 11. Bh4 Bd6 12. Bg3 Nf8 13. Rab1 Ne6 14. b4 Ng5
15. b5 Nge4 16. Nxe4 Nxe4 17. Bxe4 dxe4 18. bxc6 Bxg3 19. Nxg3 bxc6 20. Qxc6
Bd7 21. Qd5 Be6 22. Qxd8 Rexd8 23. a3 Bd5 24. Rfc1 Rdc8 25. Nf5 Rxc1+ 26. Rxc1
Be6 27. Nd6 f5 28. Rc7 Rb8 29. Rb7 Rd8 30. Nb5 a6 31. Nc7 Bc4 32. Rb6 Rc8 33.
Rc6 Rb8 34. h3 Rb1+ 35. Kh2 Bb5 36. Nxb5 axb5 37. Rb6 Rb3 38. Rb7 Kh7 39. d5
Rxa3 40. Rxb5 Rd3 41. Kg3 Kg6 42. Kf4 Kf6 43. Rb6+ Kf7 44. Ke5 Rd2 45. Rb7+ Kg6
46. d6 Rxf2 47. d7 Rd2 48. Rb6+ Kf7 49. Rd6 1-0

[Event "I C.to Romano"]
[Site "Roma ITA"]
[Date "1996.10.??"]
[Round "6"]
[White "Barro, Carlo"]
[Black "Fanciulli, Gianluca"]
[Result "1-0"]
[WhiteElo "1762"]
[BlackElo "1564"]
[PlyCount "113"]
[EventDate "1996.10.01"]

1. d4 Nf6 2. c4 e6 3. Nf3 b6 4. Nc3 Bb7 5. Bg5 d5 6. cxd5 exd5 7. Ne5 Be7 8.
Qa4+ Nbd7 9. Nxd7 Qxd7 10. Qxd7+ Nxd7 11. Bxe7 Kxe7 12. e3 c5 13. a4 cxd4 14.
exd4 a5 15. Bb5 Rac8 16. O-O Rhe8 17. Rfe1+ Kd6 18. f3 Bc6 19. Bd3 Nf6 20. Kf2
h6 21. g3 Bd7 22. g4 g5 23. Ne2 Re7 24. Ng3 Rxe1 25. Kxe1 Be6 26. Kd2 Rc7 27.
Rb1 Bd7 28. b3 Rc8 29. Bf5 Be6 30. Kd3 Ng8 31. b4 Ne7 32. bxa5 bxa5 33. Rb5 Nc6
34. Bxe6 fxe6 35. Ne2 Rb8 36. Rxb8 Nxb8 37. f4 Nd7 38. Ke3 Ke7 39. Nc3 Kf6 40.
Kf3 Nb6 41. Kg3 Nc4 42. h4 gxf4+ 43. Kxf4 Nb6 44. g5+ hxg5+ 45. hxg5+ Ke7 46.
Kg4 Kf7 47. Kh5 Kg7 48. g6 Nd7 49. Ne2 e5 50. dxe5 Nxe5 51. Nf4 d4 52. Ne6+ Kg8
53. Nxd4 Nc4 54. Kh6 Nb6 55. Nf5 Nd5 56. g7 Nf6 57. Kg6 1-0

[Event "I C.to Romano"]
[Site "Roma ITA"]
[Date "1996.10.??"]
[Round "6"]
[White "Bongiovanni, Marco"]
[Black "Simeoni, Matteo"]
[Result "1/2-1/2"]
[WhiteElo "1624"]
[BlackElo "1797"]
[PlyCount "81"]
[EventDate "1996.10.01"]

1. e4 c5 2. Nf3 d6 3. d4 cxd4 4. Nxd4 Nf6 5. Nc3 a6 6. Bc4 e6 7. Bb3 b5 8. O-O
Bb7 9. f4 Nxe4 10. Nxe4 Bxe4 11. Re1 d5 12. f5 exf5 13. Nxf5 Bc5+ 14. Be3 Bxe3+
15. Nxe3 O-O 16. Nxd5 Bg6 17. Ne7+ Kh8 18. Nxg6+ fxg6 19. Qg4 Nd7 20. Rad1 Qb6+
21. Qd4 Qxd4+ 22. Rxd4 Nc5 23. Bd5 Rad8 24. c3 h5 25. Re3 Kh7 26. h3 Rf6 27.
Bf3 Rdf8 28. c4 Ne6 29. Rd6 Nf4 30. Rxf6 Rxf6 31. c5 Kh6 32. c6 Ne6 33. Rd3 Rf8
34. Rd7 Rc8 35. Kf2 Kg5 36. Ke3 Kf6 37. Ra7 Re8 38. Kd3 Rd8+ 39. Kc3 Rc8 40.
Rxa6 Nc5 41. Ra7 1/2-1/2

[Event "I C.to Romano"]
[Site "Roma ITA"]
[Date "1996.10.??"]
[Round "6"]
[White "De Felici, Roberto"]
[Black "Fantazzini, Massimiliano"]
[Result "1-0"]
[WhiteElo "1609"]
[BlackElo "1753"]
[PlyCount "75"]
[EventDate "1996.10.01"]

1. d4 Nf6 2. c4 e6 3. Nc3 Bb4 4. e3 c5 5. Nf3 d5 6. a3 Bxc3+ 7. bxc3 Ne4 8. Qc2
Qa5 9. Bb2 Bd7 10. Bd3 Ba4 11. Qe2 Nd7 12. O-O O-O 13. cxd5 exd5 14. c4 cxd4
15. Nxd4 Rfe8 16. cxd5 Qxd5 17. Bc4 Qa5 18. Rfc1 Rad8 19. Bxf7+ Kxf7 20. Qc4+
Kf8 21. Ne6+ Rxe6 22. Qxe6 Bc6 23. Rxc6 bxc6 24. Qxe4 Rb8 25. Bxg7+ Kxg7 26.
Qe7+ Kg8 27. Qxd7 Qxa3 28. Rd1 Qa2 29. Qxc6 Rb1 30. Qe8+ Kg7 31. Qd7+ Kg8 32.
h4 Rxd1+ 33. Qxd1 a5 34. Qd8+ Kg7 35. Qe7+ Kg8 36. h5 a4 37. h6 Qa1+ 38. Kh2
1-0

[Event "I C.to Romano"]
[Site "Roma ITA"]
[Date "1996.10.??"]
[Round "6"]
[White "Farina, Saverio"]
[Black "Tosoni, Augusto"]
[Result "0-1"]
[WhiteElo "2210"]
[BlackElo "2056"]
[PlyCount "82"]
[EventDate "1996.10.01"]

1. d4 Nf6 2. c4 g6 3. Nc3 Bg7 4. e4 d6 5. Nge2 O-O 6. Ng3 Nc6 7. d5 Nb8 8. Be2
e5 9. h4 h5 10. Bg5 c6 11. Bxh5 Qb6 12. Na4 Qb4+ 13. Bd2 Qxc4 14. Be2 Qd4 15.
Qb3 Nxe4 16. Nxe4 Qxe4 17. Nc3 Qxg2 18. O-O-O Qxf2 19. Rdf1 Qb6 20. Qc2 e4 21.
Nxe4 Bf5 22. Rxf5 gxf5 23. Nxd6 cxd5 24. Nxf5 Nd7 25. Ne7+ Kh8 26. Nxd5 Qc6 27.
Qxc6 bxc6 28. Ne3 f5 29. Bd3 f4 30. Ng2 Ne5 31. Bf1 Rad8 32. Bb4 c5 33. Bxc5
Rc8 34. b4 Nd7 35. Ba6 Rc7 36. Kc2 Nxc5 37. bxc5 Rxc5+ 38. Kd3 f3 39. Ne3 Rc3+
40. Ke4 Re8+ 41. Kxf3 Rcxe3+ 0-1

[Event "I C.to Romano"]
[Site "Roma ITA"]
[Date "1996.10.??"]
[Round "6"]
[White "Fortunato, Mimmo"]
[Black "Manno, Vincenzo"]
[Result "0-1"]
[WhiteElo "1600"]
[BlackElo "1495"]
[PlyCount "68"]
[EventDate "1996.10.01"]

1. e4 e6 2. d4 d5 3. e5 c5 4. c3 Nc6 5. Nf3 cxd4 6. cxd4 Be7 7. Bd3 f6 8. O-O
Bd7 9. a3 a5 10. Nc3 fxe5 11. dxe5 Qb6 12. Na4 Qa7 13. Be3 d4 14. Nxd4 Qb8 15.
Nb6 Nxe5 16. Nxa8 Qxa8 17. Nb5 Qd8 18. Qh5+ Nf7 19. Rfd1 Nf6 20. Qf3 b6 21. Qa8
O-O 22. Qxd8 Bxd8 23. a4 Nd5 24. Be4 Bc6 25. Bxd5 Bxd5 26. Rac1 Ne5 27. h3 Bb3
28. Rd6 Nc4 29. Rxe6 Nxe3 30. Rxe3 Bg5 31. Rxb3 Bxc1 32. Nd6 Bf4 33. Rxb6 Rd8
34. Nc4 Rd1# 0-1

[Event "I C.to Romano"]
[Site "Roma ITA"]
[Date "1996.10.??"]
[Round "6"]
[White "Franchi, Jose' Maria"]
[Black "Vannelli, Vittorio"]
[Result "0-1"]
[WhiteElo "1846"]
[BlackElo "1567"]
[PlyCount "111"]
[EventDate "1996.10.01"]

1. e4 e5 2. Nf3 Nc6 3. Bb5 a6 4. Ba4 Nf6 5. Bxc6 dxc6 6. d3 Qd6 7. Nbd2 b5 8.
Qe2 Nd7 9. Nf1 Be7 10. Ne3 Nf8 11. Nf5 Bxf5 12. exf5 Nd7 13. Bd2 O-O 14. O-O
Rfe8 15. a4 Bf6 16. Ng5 Bxg5 17. Bxg5 e4 18. dxe4 f6 19. Rad1 Qe7 20. Be3 Ne5
21. f3 Nc4 22. b3 Nd6 23. Rfe1 Nf7 24. Qd2 Rad8 25. Qc3 Ne5 26. Bf4 b4 27. Qe3
c5 28. Qe2 Rxd1 29. Rxd1 Rd8 30. Rd5 Nc6 31. Rxd8+ Nxd8 32. h3 g6 33. fxg6 hxg6
34. e5 g5 35. Bg3 Qe6 36. Qc4 Qxc4 37. bxc4 f5 38. f4 gxf4 39. Bxf4 Ne6 40. Kf2
Nxf4 41. h4 Kf7 42. g3 Ne6 43. Ke3 Kg6 44. a5 Kh5 45. Kf2 Kg4 46. Ke3 c6 47.
Kf2 f4 48. gxf4 Nxf4 49. Ke3 Ne6 50. Ke4 Kxh4 51. Kf5 Nd4+ 52. Kf6 Kg4 53. Ke7
Kf4 54. Kd6 Nxc2 55. e6 Nd4 56. Kxc5 0-1

[Event "I C.to Romano"]
[Site "Roma ITA"]
[Date "1996.10.??"]
[Round "6"]
[White "Lepri, Livio"]
[Black "Passerotti, Pierluigi"]
[Result "1/2-1/2"]
[WhiteElo "1999"]
[BlackElo "2290"]
[PlyCount "143"]
[EventDate "1996.10.01"]

1. c4 f5 2. d4 Nf6 3. Nc3 g6 4. Nf3 Bg7 5. g3 O-O 6. Bg2 d6 7. O-O Qe8 8. e4
fxe4 9. Ng5 Nc6 10. Be3 Bg4 11. Qd2 Qd7 12. Ngxe4 Nxe4 13. Bxe4 Bf3 14. Bxf3
Rxf3 15. Kg2 Raf8 16. Ne2 Qg4 17. Ng1 R3f7 18. f3 Qh5 19. Rad1 g5 20. Qe2 Qg6
21. Qd3 Qxd3 22. Rxd3 b6 23. b3 g4 24. h3 gxf3+ 25. Rxf3 e5 26. Rxf7 Rxf7 27.
dxe5 Nxe5 28. Rd2 a5 29. Bf4 Nd7 30. Nf3 Re7 31. Bg5 Re8 32. Bf4 Nc5 33. Kf1 a4
34. b4 Na6 35. b5 Nc5 36. Re2 Re4 37. Nd2 Rd4 38. Re7 Be5 39. Be3 Rd3 40. Ke2
Ra3 41. Bxc5 bxc5 42. Rxc7 Rxa2 43. b6 Rb2 44. b7 d5 45. Rxc5 Rxb7 46. Rxd5 Bc7
47. Rb5 Ra7 48. Rb2 Bxg3 49. Ra2 Bd6 50. Kd3 Bb4 51. Nb1 Bc5 52. Nc3 a3 53. Nb5
Rg7 54. Ke4 Rg3 55. Kd5 Bf8 56. Nd6 Rd3+ 57. Kc6 Rxd6+ 58. Kb5 Rd8 59. c5 Rd5
60. Rxa3 Rxc5+ 61. Kb6 Rf5 62. Rg3+ Kf7 63. Kc6 Be7 64. Rd3 Rc5+ 65. Kd7 Rf5
66. Kc6 h5 67. Kd7 h4 68. Kc6 Kf6 69. Kd7 Kf7 70. Kc6 Re5 71. Rf3+ Bf6 72. Kd6
1/2-1/2

[Event "I C.to Romano"]
[Site "Roma ITA"]
[Date "1996.10.??"]
[Round "6"]
[White "Michelena, Rodolfo"]
[Black "Scagliarini, Valentina"]
[Result "1-0"]
[WhiteElo "1822"]
[BlackElo "1771"]
[PlyCount "129"]
[EventDate "1996.10.01"]

1. g3 e6 2. c4 d5 3. Bg2 Nf6 4. cxd5 exd5 5. b3 Bf5 6. Bb2 Nbd7 7. Nf3 c6 8.
Nc3 Bd6 9. d3 Qe7 10. Qd2 Ba3 11. Rb1 Bxb2 12. Rxb2 O-O 13. O-O Rfe8 14. Qf4
Bg6 15. b4 Nh5 16. Qc7 Ne5 17. Qxe7 Rxe7 18. Nh4 Nf6 19. h3 Ned7 20. Nxg6 hxg6
21. e3 Ne5 22. Rd1 Rd8 23. Ne2 Ne8 24. Nd4 Nc7 25. Bf1 Ne6 26. Nxe6 Rxe6 27. d4
Nd7 28. Rc1 Nb6 29. b5 Kf8 30. Rb4 Rc8 31. a4 Rc7 32. a5 Nc8 33. bxc6 Rexc6 34.
Rxc6 bxc6 35. Rb8 Ke7 36. Ba6 Nd6 37. f3 f6 38. Kf2 Nf5 39. Bd3 Ke6 40. a6 Ne7
41. g4 g5 42. Kg3 Kd7 43. h4 gxh4+ 44. Kxh4 Ke6 45. f4 g6 46. f5+ gxf5 47.
Bxf5+ Nxf5+ 48. gxf5+ Kd6 49. Kh5 Rg7 50. Rb7 Rxb7 51. axb7 Kc7 52. Kg6 Kxb7
53. Kxf6 a5 54. Ke6 a4 55. f6 a3 56. f7 a2 57. f8=Q a1=Q 58. Qe7+ Kb6 59. Qb4+
Ka7 60. Qe7+ Kb6 61. Qd8+ Kb7 62. Kd7 Qc3 63. Qc7+ Ka6 64. Qxc6+ Qxc6+ 65. Kxc6
1-0

[Event "I C.to Romano"]
[Site "Roma ITA"]
[Date "1996.10.??"]
[Round "6"]
[White "Ottavi, Marco"]
[Black "Marzano, Carlo"]
[Result "0-1"]
[WhiteElo "1945"]
[BlackElo "2165"]
[PlyCount "96"]
[EventDate "1996.10.01"]

1. e4 e6 2. d4 d5 3. Nd2 dxe4 4. Nxe4 Nf6 5. Nxf6+ gxf6 6. Nf3 b6 7. Bf4 Bb7 8.
Bd3 Bd6 9. Bg3 c6 10. Qe2 Qe7 11. O-O-O Nd7 12. Rhe1 O-O-O 13. Nd2 h5 14. Bxd6
Qxd6 15. Ne4 Qf4+ 16. Qe3 Qxe3+ 17. fxe3 Kc7 18. Rf1 Rh6 19. Rf2 Rg8 20. Rdf1
f5 21. Nc3 h4 22. e4 fxe4 23. Nxe4 f5 24. Nc3 Nf6 25. h3 Kd6 26. Bc4 Bc8 27.
Re1 Rg7 28. Rfe2 Nh5 29. Rf2 Rhg6 30. Be2 Ng3 31. Bf3 Ba6 32. Ne2 Bxe2 33. Bxe2
Ne4 34. Rff1 Rxg2 35. Bf3 Rf2 36. Bxe4 Rxf1 37. Rxf1 fxe4 38. Rf4 Kd5 39. c3
Rg1+ 40. Kc2 Rg2+ 41. Kb3 b5 42. Rxh4 e3 43. Rh5+ Ke4 44. Re5+ Kd3 45. Rxe6 e2
46. a4 bxa4+ 47. Kxa4 Rg3 48. Rxe2 Kxe2 0-1

[Event "I C.to Romano"]
[Site "Roma ITA"]
[Date "1996.10.??"]
[Round "6"]
[White "Pezzaldi, Roberto"]
[Black "Scacco, Mauro"]
[Result "1-0"]
[WhiteElo "2001"]
[BlackElo "2045"]
[PlyCount "91"]
[EventDate "1996.10.01"]

1. c4 Nf6 2. Nc3 g6 3. g3 Bg7 4. Bg2 O-O 5. Nf3 d6 6. O-O Nc6 7. d3 e5 8. Bd2
h6 9. Rb1 Nh5 10. Nd5 f5 11. b4 g5 12. b5 Ne7 13. Nxe7+ Qxe7 14. Bb4 Kh8 15.
Nd2 Nf6 16. Qc2 a6 17. a4 axb5 18. cxb5 Rb8 19. Nc4 e4 20. a5 Be6 21. Ne5 Kh7
22. Rfc1 Nd5 23. Ba3 Bxe5 24. dxe4 Nc3 25. Rb4 Nxe4 26. Bxe4 fxe4 27. Rxe4 Bf5
28. Qxc7 Rf7 29. Rxe5 Qxc7 30. Rxc7 Rxc7 31. Rxf5 Rd8 32. b6 Rcd7 33. Rd5 Kg6
34. f4 gxf4 35. gxf4 Rf8 36. a6 Ra8 37. a7 Rc8 38. Rxd6+ Rxd6 39. Bxd6 Rc1+ 40.
Kf2 Ra1 41. e4 Kf7 42. Ke3 Ke6 43. Bc5 Ra4 44. Kd3 Kd7 45. f5 Ke8 46. e5 1-0

[Event "I C.to Romano"]
[Site "Roma ITA"]
[Date "1996.10.??"]
[Round "6"]
[White "Pompa, Alessandro"]
[Black "Malloni, Marcello"]
[Result "0-1"]
[WhiteElo "2055"]
[BlackElo "2230"]
[PlyCount "60"]
[EventDate "1996.10.01"]

1. d4 Nf6 2. c4 e6 3. Nc3 Bb4 4. e3 c5 5. a3 Bxc3+ 6. bxc3 b6 7. Bd3 Bb7 8. Ne2
Bxg2 9. Rg1 Be4 10. Bxe4 Nxe4 11. Nf4 O-O 12. Qg4 g6 13. Qg2 d5 14. f3 Qh4+ 15.
Kf1 Nf6 16. cxd5 Nxd5 17. Nxd5 exd5 18. e4 dxe4 19. Bg5 Qh5 20. fxe4 Nd7 21. e5
f6 22. Qd5+ Kh8 23. exf6 Nxf6 24. Qxa8 Rxa8 25. Bxf6+ Kg8 26. Ra2 Rf8 27. Rf2
Qh3+ 28. Rgg2 Qxc3 29. Rg3 Qc4+ 30. Kg2 cxd4 0-1

[Event "I C.to Romano"]
[Site "Roma ITA"]
[Date "1996.10.??"]
[Round "6"]
[White "Quimi, Marco"]
[Black "Mariotti, Sergio"]
[Result "1/2-1/2"]
[WhiteElo "2220"]
[BlackElo "2435"]
[PlyCount "49"]
[EventDate "1996.10.01"]

1. e4 c5 2. Nc3 d6 3. Nge2 Nc6 4. d4 cxd4 5. Nxd4 e6 6. Be3 a6 7. Be2 Nf6 8. a4
Bd7 9. O-O Be7 10. Nb3 b6 11. f4 Qc7 12. Bf3 Rb8 13. Qe2 Nb4 14. Nd4 O-O 15. g4
e5 16. Nf5 Bxf5 17. gxf5 exf4 18. Bxf4 Nd7 19. Rad1 Rbc8 20. Kh1 Ne5 21. Rd4 a5
22. Rfd1 Qc5 23. Bg2 Rfe8 24. Bf1 Bf8 25. Qg2 1/2-1/2

[Event "I C.to Romano"]
[Site "Roma ITA"]
[Date "1996.10.??"]
[Round "6"]
[White "Tamburini, Massimiliano"]
[Black "Bernardi, Giancarlo"]
[Result "1-0"]
[WhiteElo "1600"]
[BlackElo "1537"]
[PlyCount "55"]
[EventDate "1996.10.01"]

1. d4 Nf6 2. c4 e5 3. Nf3 exd4 4. Qxd4 Nc6 5. Qd3 Bc5 6. a3 a5 7. Bg5 O-O 8. g3
Re8 9. Bg2 d6 10. O-O Bg4 11. e4 Bxf3 12. Bxf3 Bd4 13. Qe2 h6 14. Bf4 d5 15.
cxd5 Nxd5 16. Be3 Nxe3 17. fxe3 Bf6 18. Nc3 Ne5 19. Rad1 Nxf3+ 20. Qxf3 Qe7 21.
Nd5 Qe5 22. Qg4 Re6 23. Rf5 Qxb2 24. Nxc7 Rc6 25. Rb5 Qa2 26. Nxa8 Rc2 27. Qh3
Bg5 28. Rxg5 1-0

[Event "I C.to Romano"]
[Site "Roma ITA"]
[Date "1996.10.??"]
[Round "6"]
[White "Viscardi, Riccardo"]
[Black "Campomori, Bruno"]
[Result "1/2-1/2"]
[WhiteElo "1600"]
[BlackElo "1826"]
[PlyCount "100"]
[EventDate "1996.10.01"]

1. d4 d5 2. c4 e6 3. Nc3 Nf6 4. Bg5 Be7 5. e3 O-O 6. Bd3 b6 7. cxd5 exd5 8. Qc2
Nbd7 9. Nf3 Bb7 10. O-O c5 11. Rac1 Ne4 12. Bxe7 Qxe7 13. Nd2 f5 14. Ne2 Rac8
15. Qd1 Ndf6 16. Bxe4 fxe4 17. dxc5 bxc5 18. h3 Qf7 19. Nb3 Nd7 20. Rc2 Ba6 21.
Rd2 Ne5 22. Nbc1 Bd3 23. Nxd3 Nxd3 24. Nf4 Nxf4 25. exf4 d4 26. b4 d3 27. bxc5
Rxc5 28. g3 Rfc8 29. Qa4 Rc2 30. Rfd1 Qb7 31. Qd4 Qc6 32. Qe3 Qc3 33. Kf1 Qb2
34. Qxe4 Qxa2 35. Qxd3 Rxd2 36. Rxd2 Qa1+ 37. Kg2 Qf6 38. Qd5+ Kf8 39. Qb7 Qc6+
40. Qxc6 Rxc6 41. Rd7 Ra6 42. g4 Ra3 43. f5 a5 44. Ra7 Ra1 45. Kf3 a4 46. Kf4
a3 47. f3 h6 48. h4 a2 49. g5 Rh1 50. Rxa2 Rxh4+ 1/2-1/2

[Event "I C.to Romano"]
[Site "Roma ITA"]
[Date "1996.10.??"]
[Round "6"]
[White "Wyss, Walter"]
[Black "Drago, Valentino"]
[Result "0-1"]
[WhiteElo "2200"]
[BlackElo "1603"]
[PlyCount "120"]
[EventDate "1996.10.01"]

1. c4 Nf6 2. Nc3 e6 3. g3 c6 4. Bg2 d5 5. Nf3 dxc4 6. O-O Nbd7 7. a4 Bb4 8. Qc2
O-O 9. Na2 Be7 10. Qxc4 Qc7 11. d4 Nb6 12. Qc2 Nbd7 13. e4 Rd8 14. b4 Qb6 15.
Rb1 Nf8 16. h3 a6 17. Bf4 Nh5 18. a5 Qa7 19. Bc7 Rd7 20. Bb6 Qb8 21. Ne5 Qd6
22. Nc4 Qb8 23. e5 Bd8 24. Bc5 Bc7 25. Nc3 f6 26. f4 g6 27. Ne4 Rf7 28. g4 Ng7
29. f5 exf5 30. exf6 Ne8 31. Ng5 Rxf6 32. Bxf8 Rxf8 33. Ne5 Bxe5 34. dxe5 Qxe5
35. Qc4+ Kg7 36. Rbe1 Qf6 37. Ne6+ Bxe6 38. Rxe6 Qg5 39. gxf5 Rxf5 40. Rxf5
Qxf5 41. Qc3+ Nf6 42. Re5 Qf4 43. Re4 Qd6 44. Qe3 Qd1+ 45. Qe1 Qxe1+ 46. Rxe1
Re8 47. Rxe8 Nxe8 48. b5 axb5 49. a6 bxa6 50. Bxc6 Nc7 51. Kf2 Kf6 52. Ke3 Ke5
53. Kd3 Kd6 54. Be4 Kc5 55. h4 a5 56. Kc3 Nd5+ 57. Kb3 Nf4 58. Bf3 h6 59. Bg4
g5 60. hxg5 hxg5 0-1

[Event "III Festival A"]
[Site "Campobasso ITA"]
[Date "1996.09.28"]
[Round "4"]
[White "Naumkin, Igor"]
[Black "Passerotti, Pierluigi"]
[Result "1-0"]
[WhiteElo "2430"]
[BlackElo "2290"]
[PlyCount "91"]
[EventDate "1996.09.27"]

1. d4 Nf6 2. c4 e6 3. Nf3 d5 4. Nc3 Nbd7 5. cxd5 exd5 6. Bg5 Be7 7. e3 O-O 8.
Qc2 Re8 9. Bd3 Nf8 10. O-O c6 11. Rae1 Nh5 12. Bxe7 Rxe7 13. Ne5 f6 14. Nf3 Be6
15. Nh4 g6 16. Na4 Qd6 17. Nc5 Bf7 18. Nf3 Ne6 19. b4 Rae8 20. Rc1 a6 21. a4
Rf8 22. Nd2 Nd8 23. Qb2 Be8 24. b5 axb5 25. axb5 f5 26. Nf3 b6 27. Na4 f4 28.
Nxb6 Rb7 29. Na4 fxe3 30. fxe3 cxb5 31. Nc3 Nf7 32. Bc2 Nf6 33. Bb3 Bc6 34. h3
Re7 35. Rfe1 Rfe8 36. Qf2 b4 37. Na4 Ne4 38. Qc2 Ba8 39. Nc5 Kg7 40. Nd3 Neg5
41. Nfe5 Nxe5 42. Nxe5 Nf7 43. Nxf7 Kxf7 44. e4 Qg3 45. Ba4 Rb8 46. e5 1-0

[Event "Torneo Scheveningen"]
[Site "Legnano ITA"]
[Date "1996.09.??"]
[Round "?"]
[White "Mariano, Elia"]
[Black "Beggi, Pierluigi"]
[Result "1/2-1/2"]
[WhiteElo "1938"]
[BlackElo "2220"]
[PlyCount "93"]
[EventDate "1996.09.21"]

1. d4 Nf6 2. c4 g6 3. Nc3 d5 4. cxd5 Nxd5 5. e4 Nxc3 6. bxc3 Bg7 7. Bc4 c5 8.
Ne2 O-O 9. O-O Nc6 10. Be3 Qc7 11. Rc1 Rd8 12. Qb3 Na5 13. Qa4 Nxc4 14. Qxc4
Qa5 15. Qxc5 Qxc5 16. dxc5 e5 17. Rb1 Bd7 18. f3 Bc6 19. Rfd1 f5 20. exf5 gxf5
21. Bg5 Rd5 22. Rxd5 Bxd5 23. Ng3 Rf8 24. Nh5 Rf7 25. Nxg7 Kxg7 26. a4 Bc6 27.
a5 a6 28. Rd1 Rd7 29. Rd6 Rxd6 30. cxd6 Kf7 31. Kf2 Ke6 32. Be7 Kd5 33. Ke3 Kc4
34. Kd2 Kb5 35. Bd8 Kc5 36. Bc7 Kd5 37. g4 fxg4 38. fxg4 Ke4 39. g5 Kf5 40. h4
Kg6 41. Kd3 Kf5 42. Kc4 Ke6 43. Kc5 Bf3 44. d7 Kxd7 45. Bxe5 Ke6 46. Bg3 Kf5
47. Kd6 1/2-1/2